000 00651nam a2200157 i 4500
001 181124
003 ES-MaACL
005 20230906221258.0
008 121022s1879 sp |||| | spa d
110 0 _aUniversidad Literaria de Sevilla.
_97391
245 1 0 _aMemoria correspondiente al curso académico de 1878-79.
260 _aSevilla :
_b[s.n.],
_c1879 (
_fImp. y Librería Extrangera, de Rafael Tarascó y Lassa)
300 _a12, [4] p. [7] h. pleg., [72] p. ;
_c28 cm.
610 2 4 _aUniversidad Literaria de Sevilla-
_vMemorias.
_9153702
852 _aES-MaACL
_jT-392-F-6
_z.- Enc. hol.
_z.- Falto de la cub. original
_z.- Enc. en un vol. facticio
999 _c181124
_d181124